Oceanografía y satélites (Registro nro. 77127)
[ vista simple ]
| 000 -LEADER | |
|---|---|
| campo de control de longitud fija | 02635nam a2200421 a 4500 |
| 001 - NÚMERO DE CONTROL | |
| campo de control | 77127 |
| 003 - IDENTIFICADOR DE NÚMERO DE CONTROL | |
| campo de control | 0 |
| 005 - FECHA Y HORA DE LA ÚLTIMA TRANSACCIÓN | |
| campo de control | 20241217151344.0 |
| 006 - CÓDIGOS DE INFORMACIÓN DE LONGITUD FIJA--CARACTERÍSTICAS DEL MATERIAL ADICIONAL | |
| campo de control de longitud fija | m o d | |
| 007 - CAMPO FIJO DE DESCRIPCIÓN FÍSICA--INFORMACIÓN GENERAL | |
| campo de control de longitud fija | cr cn||||||||| |
| 008 - DATOS DE LONGITUD FIJA--INFORMACIÓN GENERAL | |
| campo de control de longitud fija | 201106r2009 sp |||||s|||||||||||spa d |
| 020 ## - NÚMERO INTERNACIONAL ESTÁNDAR DEL LIBRO | |
| ISBN cancelado o inválido | 9788473602686 |
| 035 ## - NÚMERO DE CONTROL DEL SISTEMA | |
| Número de control de sistema | (MiAaPQ)EBC3193853 |
| 035 ## - NÚMERO DE CONTROL DEL SISTEMA | |
| Número de control de sistema | (Au-PeEL)EBL3193853 |
| 035 ## - NÚMERO DE CONTROL DEL SISTEMA | |
| Número de control de sistema | (CaPaEBR)ebr10472774 |
| 035 ## - NÚMERO DE CONTROL DEL SISTEMA | |
| Número de control de sistema | (OCoLC)1010682721 |
| 040 ## - FUENTE DE CATALOGACIÓN | |
| Centro catalogador/agencia de origen | FlNmELB |
| Lengua de catalogación | spa |
| Centro/agencia transcriptor | FlNmELB |
| 050 #4 - SIGNATURA TOPOGRÁFICA DE LA BIBLIOTECA DEL CONGRESO | |
| Número de clasificación | GC10.4.R4 |
| Número de ítem | O159 2009 |
| 080 ## - NÚMERO DE LA CLASIFICACIÓN DECIMAL UNIVERSAL | |
| Número de la Clasificación Decimal Universal | 551.46 |
| 080 ## - NÚMERO DE LA CLASIFICACIÓN DECIMAL UNIVERSAL | |
| Número de la Clasificación Decimal Universal | 551 |
| 082 04 - NÚMERO DE LA CLASIFICACIÓN DECIMAL DEWEY | |
| Número de clasificación | 551.460028 |
| Información de edición | 22 |
| 245 00 - MENCIÓN DEL TÍTULO | |
| Título | Oceanografía y satélites |
| Medio | [recurso electronico] / |
| Mención de responsabilidad, etc. | editor, Carlos García Soto. |
| 260 ## - PUBLICACIÓN, DISTRIBUCIÓN, ETC. | |
| Lugar de publicación, distribución, etc. | Madrid : |
| Nombre del editor, distribuidor, etc. | Tébar, |
| Fecha de publicación, distribución, etc. | 2009. |
| 300 ## - DESCRIPCIÓN FÍSICA | |
| Extensión | 502 p. |
| 520 ## - RESUMEN, ETC. | |
| Sumario, etc. | OCEANOGRAFÍA Y SATÉLITES está dirigido a estudiantes universitarios de grado y postgrado, y aborda los fundamentos y las aplicaciones de los satélites en el estudio de los océanos. Los FUNDAMENTOS son descritos a través de las propiedades que pueden medir los diferentes tipos de sensores: la concentración de fitoplacton y la producción primaria (sensores de color), la temperatura superficial del mar (sensores térmicos y microondas), el nivel del mar, las mareas y la velocidad geostrófica (altímetros), la velocidad superficial del viento (dispersómetros) y los campos de olas, viento y olas internas (radar SAR) Junto a las mediciones básicas, el libro aborda las APLICACIONES de la Oceanografía por Satélite a la detección de los vertidos de hidrocarburos, al estudio y explotación de los recursos pesqueros, a la investigación del hábitat de animales marinos, a la oceanografía operacional y al seguimiento del hielo marino. El libro concluye con una sección sobre INNOVACIÓN Y DESARROLLO donde se analiza la medición de la salinidad con el nuevo satélite SMOS, la teledetección experimental con el sistema global de navegación y los futuros satélites y sensores de Oceanografía. |
| 533 ## - NOTA DE REPRODUCCIÓN | |
| Tipo de reproducción | Recurso electrónico. Santa Fe, Arg.: e-libro, 2015. Disponible vía World Wide Web. El acceso puede estar limitado para las bibliotecas afiliadas a e-libro. |
| 650 #0 - PUNTO DE ACCESO ADICIONAL DE MATERIA--TÉRMINO DE MATERIA | |
| Término de materia o nombre geográfico como elemento de entrada | Oceanografía |
| Subdivisión general | Teledetección. |
| 650 #0 - PUNTO DE ACCESO ADICIONAL DE MATERIA--TÉRMINO DE MATERIA | |
| Término de materia o nombre geográfico como elemento de entrada | Satélites artificiales en oceanografía. |
| 650 #0 - PUNTO DE ACCESO ADICIONAL DE MATERIA--TÉRMINO DE MATERIA | |
| Término de materia o nombre geográfico como elemento de entrada | Oceanography |
| Subdivisión general | Remote sensing. |
| 650 #0 - PUNTO DE ACCESO ADICIONAL DE MATERIA--TÉRMINO DE MATERIA | |
| Término de materia o nombre geográfico como elemento de entrada | Artificial satellites in oceanography. |
| 653 ## - TÉRMINO DE INDIZACIÓN--NO CONTROLADO | |
| Término no controlado | Oceanografia |
| -- | Teledeteccion |
| 653 ## - TÉRMINO DE INDIZACIÓN--NO CONTROLADO | |
| Término no controlado | Satelites artificiales en oceanografia |
| 655 #4 - TERMINO DE INDIZACIÓN--GENERO/FORMA | |
| Datos o término principal de género/forma | Libros electrónicos. |
| 700 1# - ENTRADA AGREGADA--NOMBRE PERSONAL | |
| Nombre de persona | García Soto, Carlos, |
| Término indicativo de función/relación | ed. lit. |
| 710 2# - ENTRADA AGREGADA--NOMBRE DE ENTIDAD CORPORATIVA | |
| Nombre de entidad corporativa o nombre de jurisdicción como elemento de entrada | e-libro, Corp. |
| 856 40 - LOCALIZACIÓN Y ACCESO ELECTRÓNICOS | |
| Identificador Uniforme de Recurso | <a href="https://elibro.net/ereader/politecnicointernacional/100530">https://elibro.net/ereader/politecnicointernacional/100530</a> |
| 942 ## - ELEMENTOS DE ENTRADA SECUNDARIOS (KOHA) | |
| Tipo de ítem Koha | |
No hay ítems disponibles.